000 00571nam a2200229Ia 4500
003 OSt
005 20220924152013.0
006 a|||||r|||| 00| 0
007 ta
008 220923b |||||||| |||| 00| 0 mar d
024 _a340397
037 _cTextual
040 _aARTS
_cARTS
_bmar
041 _2mar
_amar
082 _aO155,2N271,1, L1
100 _aNavare Au.
_9225565
245 0 _aDhummas
260 _c1971
650 _aMARATHI LITERATURE
_938000
942 _hO155,2N271,1, L1
_cTEXL
_2CC
999 _c468394
_d468394